Statistics for Sydney Suburbs by Ancestry

Click here to take the quiz!

General Stats

  • This quiz has been taken 38 times
  • The average score is 29 of 75

Answers on the Map

Answers color-coded by a green-red scale on the quiz's map according to % correct below.
 

Answer Stats

Ancestry%Suburb% Correct
Chinese42.4Chatswood
90%
Indian27.3Parramatta
86%
Vietnamese18.7Bankstown
83%
Chinese26.7Mascot
76%
Chinese47.1Hurstville
72%
Chinese21.7Strathfield
72%
Chinese29.0Sydney
72%
Vietnamese37.8Cabramatta
69%
Chinese40.4Epping
69%
Chinese21.8Auburn
66%
Chinese48.3Burwood
66%
Chinese48.8Eastwood
66%
Bangladeshi14.3Lakemba
66%
Lebanese26.9Punchbowl
66%
Chinese27.6Lidcombe
59%
Chinese22.2Ryde
59%
Assyrian15.8Fairfield
55%
Chinese43.2Rhodes
55%
Greek14.4Belmore
52%
Vietnamese35.0Canley Vale
52%
Chinese23.3Hornsby
52%
Chinese24.7West Ryde
52%
Chinese22.1Ashfield
45%
Chinese23.4North Ryde
45%
Chinese34.5Campsie
41%
Chinese40.6Carlingford
41%
Nepalese13.6Granville
41%
Lebanese31.6Greenacre
41%
Chinese16.4Kogarah
41%
Indian35.7Westmead
41%
Italian22.2Concord
38%
Chinese28.3Croydon
38%
Lebanese24.2Guildford
38%
Chinese20.8Kingsford
38%
Lebanese18.1Merrylands
38%
Nepalese16.7Rockdale
38%
Indian31.5Wentworthville
38%
Bangladeshi12.0Wiley Park
38%
Chinese25.3Cherrybrook
34%
Chinese23.1Homebush
34%
Greek22.3Earlwood
31%
Chinese31.1Killara
31%
Chinese27.0Pymble
31%
Greek20.1Sans Souci
31%
Lebanese21.6Yagoona
31%
Vietnamese37.7Canley Heights
28%
Chinese21.9Carlton
28%
Lebanese18.7Chester Hill
28%
Chinese29.3Lindfield
28%
Chinese32.0Marsfield
28%
Chinese19.8Rosebery
28%
Indian27.0Schofields
28%
Indian20.3Toongabbie
28%
Chinese31.6Wentworth Point
28%
Chinese35.5Wolli Creek
28%
Chinese30.4Beverly Hills
24%
Lebanese25.6Condell Park
24%
Vietnamese17.7Fairfield West
24%
Greek20.3Kingsgrove
24%
Chinese30.1Macquarie Park
24%
Chinese24.5Penshurst
24%
Chinese32.4Riverwood
21%
Italian17.2Croydon Park
17%
Vietnamese13.3Green Valley
17%
Indian28.4The Ponds
17%
Lebanese24.3Bass Hill
14%
Assyrian12.8Edensor Park
14%
Chinese32.8Zetland
14%
Assyrian13.3Bossley Park
10%
Filipino21.0Rooty Hill
10%
Vietnamese21.0Mount Pritchard
7%
Filipino22.8Plumpton
7%
Lebanese15.7Roselands
7%
Indian14.8Edmondson Park
3%
Indian21.3Glenwood
3%

Score Distribution

Percentile by Number Answered

Percent of People with Each Score

Your Score History

You have not taken this quiz